Les familles de langues ayant le plus de langue - Statistiques

Statistiques générales
  • Ce quiz a été pris 54 fois
  • Le résultat moyen est 3 sur 15
Statistiques - réponses
Nombre de
langue
Famille de
langue
% Correct
448 Langues {indo-européennes}
85%
379 Langues {aborigènes} d'Australie
46%
381 Langues {chamito-sémitiques}
39%
1257 Langues {austronésienne}
20%
458 Langues {sino-tibétaine}
20%
481 Langues {trans-nouvelle guinée}
20%
157 Langues des {signes}
15%
86 Langues {dravidiennes}
15%
1553 Langues {nigéro-congolaises}
15%
92 Langues {créoles}
13%
210 Langues {nilo-sahariennes}
11%
167 Langues {austroasiatiques}
9%
91 Langues {taï-kadaï}
9%
179 Langues {oto-mangues}
2%
76 Langues {tupi}
2%
Aucun quiz correspondant
Distribution des résultats
% des personnes avec chaque résultat
Percentile par nombre de réponses
Votre historique - résultats
Vous n’avez pas pris ce quiz